Statistics for NBA Starters 2019

Click here to take the quiz!

General Stats

  • This quiz has been taken 363 times
  • The average score is 74 of 150

Answer Stats

TeamPositionPlayer% Correct
76ersCJoel Embiid
95%
76ersPGBen Simmons
91%
76ersSFJimmy Butler
89%
NetsSGJoe Harris
87%
ClippersPFTobias Harris
87%
WarriorsSGKlay Thompson
83%
BucksPFGiannis Antetokounmpo
82%
CavaliersCTristan Thompson
82%
NuggetsPFNikola Jokic
80%
BucksCBrook Lopez
79%
RaptorsSGDanny Green
79%
WarriorsPFDraymond Green
79%
NuggetsPGJamal Murray
79%
WizardsPFJeff Green
79%
WarriorsPGStephen Curry
79%
SunsSGDevin Booker
78%
RaptorsSFKawhi Leonard
78%
BucksSFKhris Middleton
78%
RocketsSGJames Harden
77%
HornetsPGKemba Walker
77%
JazzCRudy Gobert
77%
ThunderPGRussell Westbrook
77%
BullsSGZach LaVine
75%
PelicansCAnthony Davis
74%
JazzSGDonovan Mitchell
74%
CelticsSFJayson Tatum
74%
WarriorsSFKevin Durant
74%
ThunderSFPaul George
74%
PacersPFThaddeus Young
74%
HawksPGTrae Young
74%
GrizzliesCMarc Gasol
73%
ThunderCSteven Adams
73%
Trail BlazersPGDamian Lillard
72%
SpursSGDeMar DeRozan
72%
SpursSFDerrick White
72%
TimberwolvesCKarl-Anthony Towns
72%
PelicansSGJrue Holiday
71%
BullsSFJustin Holiday
71%
NetsPGD'Angelo Russell
70%
LakersPGLonzo Ball
70%
CelticsCAl Horford
69%
PistonsPFBlake Griffin
69%
KingsPGDe'Aaron Fox
69%
76ersSGJJ Redick
69%
WizardsSGBradley Beal
68%
Trail BlazersSGCJ McCollum
68%
RocketsCClint Capela
68%
PistonsCAndre Drummond
67%
BucksPGEric Bledsoe
67%
SpursCLaMarcus Aldridge
67%
MavericksSGLuka Doncic
67%
PistonsSGBruce Brown
66%
HeatCHassan Whiteside
65%
GrizzliesPGMike Conley
65%
PacersSGVictor Oladipo
65%
SunsCDeandre Ayton
64%
MagicPFAaron Gordon
63%
NetsCJarrett Allen
63%
PacersCMyles Turner
63%
TimberwolvesSFAndrew Wiggins
62%
LakersSFBrandon Ingram
62%
Trail BlazersCJusuf Nurkic
62%
MavericksPGDennis Smith Jr.
61%
GrizzliesPFJaren Jackson Jr.
61%
MagicCNikola Vucevic
61%
PistonsPGReggie Jackson
60%
JazzPGRicky Rubio
59%
HornetsPFMarvin Williams
58%
RaptorsPFPascal Siakam
57%
KingsSGBuddy Hield
56%
CelticsSGMarcus Smart
55%
CelticsPGTerry Rozier
55%
MavericksCDeAndre Jordan
54%
JazzSFJoe Ingles
53%
HawksPFJohn Collins
53%
PelicansPFJulius Randle
53%
BullsPFLauri Markkanen
53%
PacersSFBojan Bogdanovic
52%
LakersPFKyle Kuzma
52%
HeatPFJames Johnson
51%
LakersCJaVale McGee
51%
BucksSGMalcolm Brogdon
51%
RaptorsCSerge Ibaka
51%
BullsCWendell Carter Jr.
50%
CavaliersPGCollin Sexton
49%
RocketsPFPJ Tucker
49%
CelticsPFMarcus Morris
47%
RaptorsPGFred VanVleet
45%
HornetsSFNicolas Batum
45%
MagicSGEvan Fournier
43%
JazzPFDerrick Favors
42%
MavericksPFHarrison Barnes
40%
PacersPGDarren Collison
38%
ThunderPFJerami Grant
38%
HeatSGJosh Richardson
38%
WarriorsCKevon Looney
38%
KnicksSGTim Hardaway Jr.
37%
TimberwolvesPGTyus Jones
37%
ClippersCMarcin Gortat
36%
LakersSGJosh Hart
35%
BullsPGKris Dunn
35%
MagicPGD.J. Augustin
33%
SunsSFMikal Bridges
33%
WizardsSFTrevor Ariza
33%
KingsCWillie Cauley-Stein
33%
HeatPGJustise Winslow
32%
NuggetsCMason Plumlee
32%
TimberwolvesPFTaj Gibson
32%
Trail BlazersPFAl-Farouq Aminu
30%
ClippersSFDanilo Gallinari
30%
76ersPFWilson Chandler
30%
CavaliersPFCedi Osman
28%
PelicansPGElfrid Payton
28%
SpursPFRudy Gay
28%
MavericksSFWesley Matthews
26%
MagicSFJonathan Isaac
24%
SunsPFT.J. Warren
24%
ClippersSGAvery Bradley
23%
PelicansSFE'Twaun Moore
23%
CavaliersSFRodney Hood
23%
SpursPGBryn Forbes
21%
KnicksSFKevin Knox
21%
GrizzliesSFKyle Anderson
21%
ThunderSGTerrance Ferguson
21%
WizardsCThomas Bryant
21%
RocketsPGAustin Rivers
20%
HawksSGKevin Huerter
20%
NetsSFJared Dudley
19%
Trail BlazersSFMaurice Harkless
19%
KnicksPGEmmanuel Mudiay
17%
HawksCDewayne Dedmon
16%
ClippersPGShai Gilgeous-Alexander
16%
PistonsSFReggie Bullock
14%
WizardsPGTomas Satoransky
14%
KingsPFNemanja Bjelica
13%
HornetsSGDevonte' Graham
10%
TimberwolvesSGJosh Okogie
10%
NuggetsSFJuan Hernangomez
10%
HornetsCWilly Hernangomez
10%
KingsSFIman Shumpert
9%
HeatSFRodney McGruder
9%
RocketsSFDanuel House Jr.
8%
SunsPGDe'Anthony Melton
8%
NetsPFRodions Kurucs
8%
GrizzliesSGGarrett Temple
7%
NuggetsSGTorrey Craig
7%
KnicksPFNoah Vonleh
6%
CavaliersSGAlec Burks
5%
KnicksCLuke Kornet
5%
HawksSFDaniel Hamilton
2%

Score Distribution

Percentile by Number Answered

Percent of People with Each Score

Your Score History

You have not taken this quiz